[Event "Biel"]
[Site "Biel"]
[Date "1995.??.??"]
[Round "5"]
[White "Hodgson, Julian M"]
[Black "Kindermann, Stefan"]
[Result "1-0"]
[WhiteElo "2590"]
[BlackElo "2565"]
[Annotator "Ribli,Z"]
[PlyCount "83"]
[EventDate "1995.07.??"]
[EventType "tourn"]
[EventRounds "13"]
[EventCountry "SUI"]
[EventCategory "15"]
[SourceTitle "CBM 049"]
[Source "ChessBase"]
[SourceDate "1995.12.01"]
[SourceVersion "1"]
[SourceVersionDate "1995.12.01"]
[SourceQuality "1"]

1. c4 Nf6 2. Nc3 c5 3. g3 d5 4. cxd5 Nxd5 5. Bg2 Nc7 6. b3 e5 (6... g6 $5 7.
Bb2 Bg7 8. Qc1 O-O 9. Na4 Bxb2 10. Qxb2 Ne6 11. Rc1 Qd6 12. d3 (12. h4 $5)
12... Nc6 13. Nf3 Rb8 14. Nc3 b6 15. Ne4 Qd7 16. O-O Bb7 17. Rfd1 Rfd8 $10 {
Bern,I-Emms,J/Gausdal Troll/1992/}) 7. Ba3 $5 (7. Bb2 $5 Be7 8. Rc1 f6 9. Nh3
Nc6 10. f4 Bf5 11. Nf2 exf4 12. gxf4 Qd7 13. a3 Rd8 14. Nce4 b6 15. b4 Nd5 $13
{Piasetski-Thorsteins/Thessaloniki olm/1988/}) 7... Be7 8. Rc1 Nba6 9. Nf3 f6
10. O-O O-O {Offenbar eine Neuerung.} (10... b5 $5 11. Bb2 (11. Nxe5 fxe5 12.
Bxa8 Nxa8 13. Nxb5 Bh3 $15) 11... Bb7 $13 {Cvetkov-Witkowski/Polanica Zdroj/
1964/}) 11. e3 $1 {Alle weissen Figuren stehen optimal. Jetzt will der
Anziehende die starken schwarzen Bauern im Zentrum (c5 und e5) abtauschen und
dann mit seinen Leicht- figuren das Zentrum erobern.} Bg4 12. h3 Bh5 13. g4 Bf7
14. Nh4 $1 (14. d4 $6 cxd4 15. Bxe7 Qxe7 16. exd4 Rad8 $13) 14... Rb8 15. Nf5
Re8 16. d4 $1 exd4 17. exd4 Bf8 18. dxc5 Bxc5 19. Bb2 $1 {Droht /\ Ne4,Ned6}
Qxd1 20. Rfxd1 Bf8 21. Ne4 Red8 22. Ned6 b6 23. Nxf7 Kxf7 24. Bf1 $1 Bc5 25.
Bc4+ (25. a3 $5 $16 {Noch guenstiger als wie die Partie.}) 25... Kf8 26. a3 b5
27. Bf1 Ne6 28. b4 Bb6 (28... Be7 29. Re1 $18) 29. Bxb5 Nac7 (29... Rxd1+ 30.
Rxd1 Bxf2+ 31. Kxf2 Rxb5 32. Rd7 $1 Nac5 (32... Nac7 33. Nxg7 $18) 33. Rxa7
Nd3+ 34. Ke3 Nxb2 35. Ra8+ Kf7 36. Nd6+ $18) 30. Bf1 Nd5 31. Nd4 Nxd4 (31...
Bxd4 32. Bxd4 Nxb4 33. Bxa7 Rxd1 34. Rxd1 Ra8 35. Rd7 Nc6 36. Bc4 Rxa7 37. Rxa7
Nxa7 38. Bxe6 $18) 32. Bxd4 Nf4 33. Bxb6 axb6 34. a4 $1 Rxd1 35. Rxd1 Ra8 36.
Ra1 Ke7 37. a5 $1 {Diesen weissen Freibauern kann schwarz nicht halten.} bxa5
38. bxa5 Kd6 39. a6 Kc5 40. Ra5+ Kd6 (40... Kb6 41. Rb5+ Kc6 42. Rf5 $18) 41.
a7 Kc7 42. Ra4 {Ribli} (42. Ra4 g5 43. Bg2 Nxg2 44. Kxg2 Kb7 45. Kf3 $18) 1-0

[Event "Balatonbereny GM"]
[Site "Balatonbereny"]
[Date "1996.??.??"]
[Round "4"]
[White "Kallai, Gabor"]
[Black "Palkovi, Jozsef"]
[Result "1/2-1/2"]
[WhiteElo "2495"]
[BlackElo "2480"]
[Annotator "Ribli,Z"]
[PlyCount "90"]
[EventDate "1996.06.13"]
[EventType "tourn"]
[EventRounds "11"]
[EventCountry "HUN"]
[EventCategory "11"]
[SourceTitle "CBM 055"]
[Source "ChessBase"]
[SourceDate "1996.12.01"]
[SourceVersion "1"]
[SourceVersionDate "1996.12.01"]
[SourceQuality "1"]

1. Nf3 Nf6 2. c4 c5 3. Nc3 Nc6 4. g3 d5 5. d4 {Diese seinerzeit grosse
Neuerung von Tal -Tal,M-Timman,J Montpellier,1985 - ist heute in Mode.} cxd4 (
5... dxc4 $6 6. d5 Nb4 (6... Na5) 7. e4 b5 $5 8. a3 Na6 9. b3 b4 10. axb4 cxb4
11. Bxc4 bxc3 12. Bxa6 Bxa6 13. Rxa6 g6 14. Qd4 Bg7 15. Qxc3 O-O 16. Qd3 {
Horvath,J.-Palkovi,Budapest,1995.}) (5... Bf5 $6 6. cxd5 (6. Qa4 $6 dxc4 $10)
6... Nb4 (6... Nxd5 7. Bg2) 7. e4 $18) 6. Nxd4 dxc4 7. Nxc6 Qxd1+ 8. Nxd1 bxc6
9. Bg2 Nd5 10. Ne3 Ba6 $6 {Ribli. Dieser Zug ist natürlich noch Theorie, aber
dennoch: das gefaellt mir nicht. Die besten Rettungschancen hat Schwarz nach
10...e6, mit folgendem 11.Nc4 Ba6 .} (10... e6 11. Nxc4 Ba6 12. b3 Bb4+ 13. Bd2
Bxd2+ 14. Nxd2 Nb4 15. Be4 Rc8 16. a3 Nd5 17. Bf3 Ke7 18. Rc1 c5 19. e4 Nb6 20.
Be2 Bb7 $10 {San Segundo,P-Illescas Cordoba,M/Madrid/1996/CBM53/}) 11. Nxd5
cxd5 12. Bxd5 Rc8 13. Bd2 $14 {Ribli.Schwarz hat kein aktives Gegenspiel, und
er hat Sorgen um seinen c-Bauern. Weiss geht kein Risiko ein - er kann "100
Zuege" spielen.} e6 14. Bf3 (14. Be4 Bc5 15. Bc3 f6 16. e3 Ke7 17. O-O-O Bb5
18. h4 h5 $10 {Hjartarson,J-Arnason,J/Nordic zt/1992/CBM31/Inf56,(48)/}) 14...
Bc5 15. Bc3 f6 16. O-O-O (16. e3 Ke7 17. O-O-O {Ribli.Das fuehrt zur
Partiestellung.}) 16... Ke7 (16... Bxf2 17. Rd6) 17. e3 Bb5 18. Rd2 {Ribli.
Schwarz muss aufmerksam spielen. Er hat kaum Hoffnungen auf aktives Spiel.} Rc7
(18... Ba4 19. h4 Rc7 20. h5 Rb8 21. Rh4 Bb4 22. Bxb4+ Rxb4 23. Rdd4 $14 {
Vaganian,R-Kamsky,G/Manila ol/1992/INF56,(48)/}) 19. Ba5 Bb6 20. Bc3 {Ribli.
Das ist eine kleine psychologische Kraftmeierei.} Bc5 21. h4 h5 22. Be4 Ba4 23.
Rg1 $1 Be8 (23... Bc6 24. Bxc6 (24. Bg6 Bf3) 24... Rxc6 25. g4 Rd6 26. Rxd6
Bxd6 27. gxh5 Kf7 28. Rd1 Ke7 29. Rd4) 24. g4 $5 {Ribli.Ein agressiver Versuch
zu Vorteil zu kommen.} hxg4 25. Rxg4 Kf8 26. Bg2 {Ribli.Jetzt ist die Drohung
f6-f5 aufgehoben, zudem haengt c4.} Be7 27. Rdd4 Bb5 (27... f5 28. Rxc4 (28.
Rxg7) 28... Rxc4 29. Rxc4 Rxh4) 28. a4 e5 (28... Bxa4 $2 29. Rxc4 Rxc4 30. Rxc4
) 29. Rde4 Ba6 (29... Bc6 $2 30. Rxc4) 30. Bf1 $13 Rh5 (30... f5 31. Bxe5) 31.
f4 (31. Bxc4 Bb7 (31... Bc8 32. Rg1 Bf5)) (31. Be2 $5 Rf5 32. f4) 31... Bc8 32.
Rg1 Rxh4 33. Be1 Rh2 34. Bg3 Bf5 35. Bxh2 Bxe4 36. fxe5 c3 (36... f5 $15) 37.
exf6 cxb2+ (37... Bxf6 $1 {Ribli. Nun kommt die beiderseitige Zeitnot.Schwarz
steht aktiver dank seiner zwei guten Laeufer.}) 38. Kxb2 Bxf6+ 39. Kb3 Bd5+ (
39... Rc3+ $1 40. Kb4 Rxe3 $17) 40. Kb4 {Ribli.Der weisse Koenig tritt die
Flucht nach vorne an.} Be7+ (40... Rc3 $5) 41. Ka5 Rb7 42. Bb5 Bd8+ $10 43. Ka6
Rb6+ 44. Kxa7 Rb7+ 45. Ka6 Rb6+ {Ribli} 1/2-1/2

[Event "Balatonbereny GM"]
[Site "Balatonbereny"]
[Date "1996.??.??"]
[Round "6"]
[White "Kallai, Gabor"]
[Black "Horvath, Jozsef"]
[Result "1/2-1/2"]
[WhiteElo "2495"]
[BlackElo "2505"]
[Annotator "Ribli,Z"]
[PlyCount "47"]
[EventDate "1996.06.13"]
[EventType "tourn"]
[EventRounds "11"]
[EventCountry "HUN"]
[EventCategory "11"]
[SourceTitle "CBM 055"]
[Source "ChessBase"]
[SourceDate "1996.12.01"]
[SourceVersion "1"]
[SourceVersionDate "1996.12.01"]
[SourceQuality "1"]

1. Nf3 Nf6 2. c4 c5 3. Nc3 d5 4. cxd5 Nxd5 5. e4 Nb4 6. Bb5+ (6. Bc4 Nd3+ 7.
Ke2 Nf4+ 8. Kf1 Ne6 9. Ne5 (9. b4) 9... g6 10. Qa4+ Bd7 11. Bxe6 fxe6 12. Nxd7
Qxd7 13. Qxd7+ Kxd7 14. d3 Nc6 15. Be3 b6 16. h4 h5 (16... Bg7) 17. Rh3 Bg7 18.
Rg3 Bf6 19. Rxg6 Ne5 20. Rg3 Nxd3 21. Rd1 c4 22. b3 Kc6 $1 23. bxc4 Nb2 24. Rc1
Nd3 25. Rd1 Nb2 26. Rc1 Nd3 {Und die Partie endete Remis.Feher,G.-Horvath,J.
1996 Budapest.}) 6... N8c6 7. d4 cxd4 8. a3 Bd7 $5 {Ribli. Meiner Meinung nach
bietet dieser ruhige Zug bessere Chancen fuer Schwarz als die Komplikationen
mit 8...dxc3 9.Qxd8 Kxd8 10.axb4, in denen Weiss gefaehrliche Initiative hat.}
9. Nxd4 {Ribli.Die andere Moeglichkeit ist 9.axb4 dxc3 10.bxc3 g6 11.Be3 Bg7
mit gleichen Chancen, Cvetkovic,S-Horvath,J/Stary Smokovec/1990/CBM21/.} Nxd4
10. Bxd7+ Qxd7 11. axb4 e6 $1 {Ribli.Nach 11...e5 kommt Weiss mit 12.Nd5 zu
einer ueberlegenen Stellung.} 12. Be3 Rd8 13. Bxd4 $5 (13. Rxa7 Bxb4 $10 {
Ribli.}) (13. O-O Bxb4 (13... a6 14. b5 axb5 15. Qh5 $36 {Schmitt,Ax-Giertz,N/
Marbach/1994/}) 14. Bxd4 Qxd4 15. Qa4+ Ke7 16. Nb5 Qxe4 17. Rfe1 Qxe1+ 18. Rxe1
Bxe1 19. Qa3+ Kf6 20. Nd6 h6 $1 (20... a5 $2 21. Ne4+ Ke5 22. Ng5 Kf6 23. h4
Bb4 24. Qf3+ $18 {Uhlmann,W-Lukacs,P/Berlin/1982/INF34,67/}) 21. h4 a5 22. Qg3
Ke7 23. Nxb7 Rd5 {Diese Variante ist der letzte Wort in dieser Eroeffnung.
Gleizerov-Petrienko,UdSSR 1985.Ribli.}) 13... Qxd4 14. Qa4+ Qd7 (14... Rd7 $4
15. Rd1) 15. Ke2 {Ribli. Weiss hat Eroeffnungsvorteil, aber Schwarz hat keine
Schwaechen und kommt "step by step" heraus.} a6 16. Qxd7+ (16. Rhd1 Qxa4 17.
Rxd8+ Kxd8 18. Rxa4 Kc7 $10 {Ribli.}) 16... Rxd7 (16... Kxd7 $2 17. Rhd1+ Kc8
18. Rxd8+ Kxd8 19. b5 axb5 20. Ra8+ Kd7 21. Nxb5 $16 {Und Schwarz hat keine
Koordination in seiner Stellung.}) 17. b5 {Ribli.Die einzige Moeglichkeit fuer
Weiss etwas konkretes zu erreichen.} axb5 18. Nxb5 g6 {Ribli.Der Schluesselzug
fuer Schwarz.Jetzt kommt nach 19.Ra8 19...Ke7, und 20...Bg7 verteidigt und
droht zugleich. Schwarz hat eine ausgeglichene Stellung erreicht.} 19. Ra7 Bg7
20. Rd1 Bxb2 $4 {Ribli. Ein unglaublicher Fehler! 20...Rxd1 21.Kxd1 Bxb2 22.
Rxb7 0-0 führt zu gleichen Aussichten.} 21. Nd6+ $2 (21. Rxd7 $1 Kxd7 22. Rxb7+
Kc6 23. Rxf7 $1 Kxb5 (23... Be5 $5 {Ribli. Das bietet noch praktische
Rettungchancen, aber mit guter Technik muss Weiss hier gewinnen.}) 24. Rb7+ Kc6
25. Rxb2 $16) 21... Ke7 $10 22. Nc8+ Rxc8 23. Rxd7+ Kxd7 24. Rxb7+ {Ribli}
1/2-1/2

[Event "Madrid"]
[Site "Madrid"]
[Date "1996.05.17"]
[Round "8"]
[White "San Segundo Carrillo, Pablo"]
[Black "Illescas Cordoba, Miguel"]
[Result "0-1"]
[WhiteElo "2535"]
[BlackElo "2635"]
[Annotator "Ribli,Z"]
[PlyCount "86"]
[EventDate "1996.05.08"]
[EventType "tourn"]
[EventRounds "9"]
[EventCountry "ESP"]
[EventCategory "17"]
[SourceTitle "CBM 053"]
[Source "ChessBase"]
[SourceDate "1996.08.01"]
[SourceVersion "1"]
[SourceVersionDate "1996.08.01"]
[SourceQuality "1"]

1. Nf3 {King} Nf6 2. c4 c5 3. Nc3 Nc6 4. g3 d5 5. d4 $5 {Tal's Idee} cxd4 6.
Nxd4 dxc4 7. Nxc6 Qxd1+ 8. Nxd1 bxc6 9. Bg2 Nd5 10. Ne3 e6 11. Nxc4 Ba6 12. b3
Bb4+ 13. Bd2 Bxd2+ (13... Ke7 14. Rc1 Rhc8 $1 15. Bxb4+ Nxb4 16. a3 Nd5 17. e4
Bxc4 18. Rxc4 Nb6 19. Rc5 Nd7 20. Rc3 a5 $13 {Gelfand,B-Kramnik,V/Belgrade
Invest/1995/CBM51/INF65,(39)/}) 14. Nxd2 Nb4 15. Be4 Rc8 $5 {In der letzten
Zeit halt man fuer Schwarz Ke7,Rfc8 und Rab8 als richtige Aufstellung. Der
beste spanische Grossmeister hat andere Meinung.} (15... Ke7 16. a3 Nd5 17. Rc1
Rhc8 18. f4 c5 19. Kf2 Rab8 $1 20. Rc2 Nf6 $10 {Gulko,B-Topalov,V/Novgorod/
1995/INF63,(39)/}) 16. a3 Nd5 17. Bf3 $146 (17. Rc1 c5 18. Nc4 Ke7 19. Bd3 {
Remis Lalic,B-Vaganian,R/Moscow olm/1994/}) 17... Ke7 18. Rc1 {Der Anziehende
droht /\ mit Ne4,Nc5.} c5 $8 19. e4 Nb6 20. Be2 {[#] Jetzt zeigt Weiss genau,
die Idee ist seine Neuerung: Er will den weissfeldrigen Laeufer tauschen und
dann wird er seinen Druck gegen den c5-Bauern in alle Ruhe verstaerken.} Bb7 $1
{Natuerlich soll der Nachziehende seinen Laeufer fuer ein erfolgreiches
Gegenspiel behalten.} 21. f3 Rhd8 22. Nc4 Nxc4 $1 {Schwarz hat die Eroeffnung
zufriedenstellend geloest, weil er die gefaehrliste weisse Figur -der
Springer- abtauscht konnte.} 23. Rxc4 (23. Bxc4 Rd4 (23... f5 24. exf5 exf5
$132) 24. Ke2 Rcd8 25. Rc2 f5 $132) 23... Rd4 24. Rc2 $2 {[#] Ein grober Fehler
} (24. Kf2 $10) 24... Rxe4 $1 {Dieser Zug ist mindestens eine Alptraum fuer
Weiss.} 25. Kf2 (25. fxe4 Bxe4 26. Ba6 Rc7 $19 {[#] Eine solche ungluechkliche
Stellung sieht man mit so weniges Material nur sehr selten.}) 25... Rd4 26.
Rhc1 Bd5 27. Rxc5 (27. b4 c4 28. Ke3 e5 $19) 27... Rxc5 28. Rxc5 Bxb3 29. Rb5 (
29. Rc7+ Rd7 $19) 29... Ba2 $1 {Dieser Laeufer will natuerlich die a2-d5
Diagonale verlassen.} 30. Ra5 (30. Rb2 Bd5 $19) 30... Rd7 31. f4 Bd5 32. Bf3 {
Das Turmendspiel ist fuer Weiss verloren, weil zuviele Bauern am Koenigfluegel
sind. Allerdings faellt es nicht leicht, dem Anziehenden einen guten Rut zu
geben.} Bxf3 33. Kxf3 Kd6 $1 {King: Black sets about removing the rook from
its excellent post on the a-file. The 'threat' is ... Kc6-b6, and Black takes
the initiative on the queenside.} 34. Ra6+ Kc5 35. a4 Kd4 36. Kg4 (36. g4 $142
{King}) 36... Ke4 $1 37. Ra5 f6 38. Rb5 g6 39. Rc5 (39. Rb4+ Rd4 40. Rb7 h5+
41. Kh4 Rxa4) 39... h5+ 40. Kh4 Rd5 41. Rc6 Kf5 42. Ra6 Rd2 43. Kh3 (43. h3 Rh2
$19 {/\ g5 ><h3}) 43... g5 {Ribli} 0-1

[Event "Yerevan zt 1.5"]
[Site "Yerevan"]
[Date "2000.06.15"]
[Round "9"]
[White "Izoria, Zviad"]
[Black "Antic, Dejan"]
[Result "1/2-1/2"]
[WhiteElo "2372"]
[BlackElo "2491"]
[Annotator "Ribli,Z"]
[PlyCount "107"]
[EventDate "2000.06.07"]
[EventType "swiss"]
[EventRounds "9"]
[EventCountry "ARM"]
[SourceTitle "CBM 078"]
[Source "ChessBase"]
[SourceDate "2000.10.18"]
[SourceVersion "1"]
[SourceVersionDate "2000.10.18"]
[SourceQuality "1"]

1. Nf3 c5 2. c4 Nf6 3. Nc3 d5 4. cxd5 Nxd5 5. g3 {Das ist eine
Hauptfortsetzung. Die scharfe Alternative wäre 5.e4, wonach das Spiel offenen
Charakter bekommt.} Nc6 6. Bg2 Nc7 7. O-O e5 {Schwarz spielt eigentlich den
Maroczy-Aufbau der Sizilianischen Verteidigung, nur eben mit vertauschten
Farben. Weiß hat Entwicklungsvorsprung uind kann die Stellung zuerst öffnen,
aber Schwarz kontrolliert die wichtigsten Punkte.} 8. d3 Be7 9. Nd2 Bd7 10. Nc4
f6 {Statt dessen wäre 10...0-0 11.Bxc6 Bxc6 12.Nxe5 Be8 möglich, mit
Kompensation für den Bauern. Aber der Textzug ist sympathischer - Schwarz
bekommt vollwertiges Spiel, bei ausgeglichenem Material.} 11. f4 b5 12. Ne3
exf4 (12... Rc8 13. fxe5 (13. a4 b4 14. Nb5 $5 exf4 15. Nf5 (15. Nxc7+ $6 {
Hjartarsson,J-Sokolov,A/Rotterdam WCup/1989/CBM13/INF47,60/}) 15... Bxf5 16.
Bxc6+ Bd7 17. Bxd7+ Qxd7 18. Nxc7+ Rxc7 19. Bxf4 Rc6 20. Rc1 h5 {Szilagyi,
P-Pinter,J/HUN-chT 1992/0-1 (69)}) (13. Bd2 O-O 14. Rc1 exf4 15. gxf4 Kh8 16.
Ne4 Ne6 17. Nf5 Ncd4 18. Nfg3 f5 19. Nc3 b4 {0-1 Anic,D-Horvath,J/Cannes op
1994 (39)}) 13... Nxe5 14. Nf5 O-O 15. Kh1 Re8 16. Ne4 Bc6 17. Bf4 Bf8 18. a4
a6 $5 19. axb5 axb5 20. Rc1 Qd7 {1/2-1/2 Illescas Cordoba,M-Topalov,V/Linares
1994 (40)}) 13. gxf4 {Die Stellung ist sehr asymmetrisch und scharf - Weiß hat
Entwicklungsvorsprung und einen starken Bg2, aber auch drei Bauerninseln. Auf
der gegnerischen Seite befindet sich der König noch in der Mitte, dafür aber
hat Schwarz nur zwei Bauerninseln und Kontrolle über das Feld d4.} (13. Nf5 $5
b4 (13... fxg3 14. Nxg7+ Kf7 15. Nf5 gxh2+ 16. Kh1 Nd4 $5 $13) (13... f3 14.
Bxf3 O-O 15. Nxe7+ Qxe7 16. Bf4 Ne6 17. Nxb5 Nxf4 18. gxf4 Rab8 19. Qc1 Kh8 20.
Nc3 Nd4 {Van der Sterren,P-Farago,I/Amsterdam OHRA-B 1987/1/2-1/2 (54)}) 14.
Nxe7 Qxe7 15. Bxf4 (15. Ne4 fxg3 16. Bf4 Ne5 17. Rc1 Ne6 18. Bxe5 fxe5 19. e3
gxh2+ 20. Kh1 h5 21. Qf3 Bc6 22. Qf5 Rh6 23. Nf6+ Rxf6 24. Bxc6+ Kf8 25. Qxe5
Rd8 26. Qxh5 Kg8 {0-1 Nikolaidis,I-Lautier,J/Yerevan 1996/EXT 97 (73)}) 15...
bxc3 16. Bxc7 Rc8 17. Bf4 cxb2 18. Rb1 O-O 19. Rxb2 Nd4 {1/2-1/2 Akopian,
V-Leko,P/Ubeda 1997/CBM 58/[Ribli] (54)}) 13... Rc8 {Gewöhnlich steht der Turm
in dieser Variante sicherer auf c8 als auf b8.} (13... Rb8 14. a4 b4 15. Ncd5
O-O 16. Nc4 Be8 17. Nxc7 Qxc7 18. Bd5+ Bf7 19. Bxf7+ Rxf7 20. b3 f5 21. Bb2 Bf6
{1/2-1/2 Maksimenko,A-Kragelj,I/Nova Gorica 1996 (47)}) 14. Ned5 (14. Kh1 Nd4
15. Ned5 Nxd5 16. Nxd5 Bg4 17. Rf2 f5 18. Be3 Bh4 {0-1 Kaposztas,M-Horvath,J/
HUN 1993/TD (37)}) (14. a4 a6 (14... b4 15. Nb5 Ne6 16. Nc4 O-O 17. Nbd6 Bxd6
18. Nxd6 Rb8 19. f5 Ned4 20. Bf4 $14 {Tisdall,J-Henriksen,G/NOR 1993/EXT 2000 
(23)}) 15. axb5 axb5 16. Ned5 Nxd5 17. Nxd5 Be6 18. e4 {1/2-1/2 Wojtkiewicz,
A-Protaziuk,G/Suwalki 1999/EXT 2000 (18)}) 14... Nxd5 (14... Nd4 15. e3 Nxd5
16. Nxd5 Nf5) 15. Nxd5 (15. Bxd5 $6 b4 16. Ne4 Bh3 17. Bxc6+ Rxc6 $15 {[%csl
Rg1]}) 15... O-O $13 {Der Nd5 steht wirklich stark, aber Schwarz hat gute
Chancen auf Gegenspiel. Im Folgenden kann Schwarz - das ist typisch für solche
Stellungen - seine Schwerfiguren auf der d- und e-Linie umgruppieren und
positionellen Druck entwickeln.} 16. f5 (16. Nxe7+ Qxe7 $15 {[%cal Gc6d4,Gd7g4,
Gg4e2] Weiß hat das Läuferpaar. Aber das ist hier belanglos, weil Schwarz
spürbar Druck im Zentrum ausübt.}) 16... Nd4 17. e4 (17. Be4 Bc6 18. Nxe7+ Qxe7
$15) 17... Bd6 {[%cal Gd6e5]} (17... Re8 $5) (17... Bc6 $5) 18. Be3 (18. Qg4)
18... Bc6 19. Nf4 (19. Bxd4 Bxd5 20. Bf2 (20. exd5 cxd4 $15) 20... Bf7 $15)
19... Qe7 $15 {Schwarz hat eine bequeme Stellung erreicht - der Nd4 steht gut,
und auch sein Figurenspiel ist aktiver.} (19... Be5 $15) 20. Bxd4 Bxf4 (20...
cxd4 $6 21. Ne6 $132) 21. Rxf4 (21. Bf2 Qd6 $15) 21... cxd4 {Weiß kann keine
Drohungen am Königsflügel aufbauen. Schwarz hingegen besitzt am Damenflügel
die besseren Karten.} 22. Rf2 (22. Rc1) 22... Bd7 23. Qb3+ (23. Rc2) 23... Kh8
24. Qd5 Rfd8 {[%cal Gd8d3]} 25. Qxd4 Bxf5 {Die Stellung ist materiell wieder
ausgeglichen - Schwarz hat dank besseren Figurenspiels und besserer
Bauernstruktur die etwas besseren Aussichten.} 26. Qe3 Bg6 {Droht 27...Qe5
nebst 28...Rd4 mit positionellem Druck.} 27. Rd2 {Natürlich muss Weiß d3-d4
ziehen.} b4 (27... Re8 28. Re1 $15) 28. d4 a5 29. Re1 (29. a3 $5 {Dieser Zug
wäre logisch - Weiß muss daran gelegen sein, das Material zu reduzieren.})
29... a4 30. d5 (30. Bh3 Rc4 31. Bf1 Rc7 $15) 30... Kg8 (30... Qe5 $15) 31. e5
$5 {[%mdl 256] Weiß möchte natürlich so viel Material wie möglich tauschen.}
fxe5 32. Qxe5 Qxe5 (32... Qc5+ 33. Qd4 Qd6 34. Bh3 $132) 33. Rxe5 {Mann könnte
glauben, dass der Freibauer auf d5 stark ist, in Wirklichkeit aber kann
Schwarz ihn leicht blockieren.} Rc5 34. Be4 $6 (34. Kf2 $11) 34... Rc1+ 35. Kg2
(35. Kf2 $5) 35... Re1 {[%cal Ge1e5] Die Fesslung ist unangenehm für Weiß.} 36.
Rd4 {[%cal Rd4a4]} a3 37. bxa3 bxa3 38. Kg3 (38. Kf3 Rf8+ 39. Kg3 Re3+ 40. Kg2
Re2+ $17) 38... Rxe4 {Schwarz kann seinen Vorteil vergrößern, dazu muss er den
Bauern gewinnen und die Stellung vereinfachen.} (38... Re2 39. d6 Bxe4 40.
Rdxe4 Rxe4 41. Rxe4 Rxd6 $15) 39. Rdxe4 Bxe4 40. Rxe4 Rxd5 {[%mdl 4096]
Schwarz hat endlich einen Mehrbauern. Aber dessen Verwertung ist angesichts
des reduzierten Materials kaum noch möglich.} 41. Re3 Rg5+ 42. Kf2 Ra5 43. Kg3
Kf7 44. h3 Ra4 45. Kg2 g5 46. Kg3 {Weiß hat keine bessere Alternaitve als
abzuwarten. Aber das ist auch genug. Der Re3 schneidet den schwarzen König ab
und hält den Pa3 in Schach, so dass der schwarze Turm an die a-Linie gebunden
bleibt.} Kg6 (46... Kf6 $15) 47. Rf3 h5 48. Kg2 h4 (48... g4 49. hxg4 Rxg4+ 50.
Kh3 Ra4 51. Kg3 $11) 49. Kh2 Kh5 50. Kg2 g4 51. hxg4+ $11 Kxg4 (51... Rxg4+ 52.
Kh3 Ra4 53. Kg2 $11) 52. Rb3 Kf4 53. Kh3 Ke5 54. Kh2 {Da Schwarz nicht weiter
vorankommt, kann Weiß mit Kh3-Kh2 Remis halten.} 1/2-1/2